[Event "BEL-ch U14"]
[Site "Blankenberge"]
[Date "2015.04.13"]
[Round "3"]
[White "Goffin, Kevin"]
[Black "De Bock, Thijs"]
[Result "1/2-1/2"]
[WhiteElo "1599"]
[BlackElo "1474"]
[PlyCount "145"]
[EventDate "2015.04.12"]
[EventType "swiss"]
[EventRounds "9"]
[EventCountry "BEL"]
[SourceTitle "CBM 166 Extra"]
[Source "ChessBase"]
[SourceDate "2015.06.18"]
[SourceVersion "1"]
[SourceVersionDate "2015.06.18"]
[SourceQuality "1"]

1. e4 c5 2. Nf3 e6 3. d3 d5 4. Nbd2 g6 5. g3 Bg7 6. Bg2 Ne7 7. 0-0 0-0 8. c3 Nbc6 9. Re1 b5 10. e5 b4 11. d4 bxc3 12. bxc3 cxd4 13. cxd4 Qa5 14. Nb3 Qb6 15. Nc5 Nf5 16. Ba3 Qa5 17. Qa4 Qxa4 18. Nxa4 Rd8 19. Bc5 Bd7 20. Nc3 Bf8 21. Bxf8 Kxf8 22. Ne2 Rab8 23. Rab1 Rb4 24. Rxb4 Nxb4 25. Rb1 Rb8 26. a3 Nc6 27. Rxb8+ Nxb8 28. g4 Ne7 29. Nc3 Nbc6 30. Bf1 Ke8 31. Nb5 Nc8 32. h4 h6 33. Bd3 Kd8 34. h5 gxh5 35. gxh5 N6e7 36. Nd2 Bxb5 37. Bxb5 Nf5 38. Nb3 Nb6 39. Bd3 Nc4 40. Bxf5 exf5 41. a4 Ke7 42. Kg2 Nb6 43. a5 Nd7 44. Kg3 f6 45. Kf4 Ke6 46. exf6 Kxf6 47. Nd2 Nb8 48. Nf1 Nc6 49. Ne3 Nxd4 50. Nxd5+ Ke6 51. Ne3 a6 52. Nc4 Nc6 53. f3 Kf6 54. Ne3 Nd4 55. Nd5+ Ke6 56. Nc7+ Kf6 57. Nxa6 Nc6 58. Nc5 Nxa5 59. Nd7+ Ke7 60. Kxf5 Kxd7 61. Kg6 Ke6 62. f4 Nc6 63. f5+ Ke7 64. f6+ Ke6 65. f7 Ne5+ 66. Kxh6 Kxf7 67. Kh7 Ng4 68. Kh8 Nh6 69. Kh7 Nf5 70. Kh8 Ne7 71. Kh7 Nf5 72. Kh8 Ng7 73. h6 1/2-1/2

[Event "BEL-ch U14"]
[Site "Blankenberge"]
[Date "2014.04.16"]
[Round "6"]
[White "De Bock, Thijs"]
[Black "Huygebaert, Batist"]
[Result "0-1"]
[WhiteElo "1325"]
[BlackElo "1668"]
[PlyCount "42"]
[EventDate "2014.04.??"]
[EventType "swiss"]
[EventRounds "9"]
[EventCountry "BEL"]
[SourceTitle "EXT 2015"]
[Source "ChessBase"]
[SourceDate "2014.11.20"]
[SourceVersion "1"]
[SourceVersionDate "2014.11.20"]
[SourceQuality "1"]

1. e4 e6 2. Nf3 d5 3. Nc3 Nf6 4. e5 Nfd7 5. d4 c5 6. Bd3 Nc6 7. dxc5 Ndxe5 8. Be3 Nxf3+ 9. Qxf3 d4 10. Rd1 dxe3 11. Be4 exf2+ 12. Kxf2 Bxc5+ 13. Ke2 Nd4+ 14. Rxd4 Qxd4 15. Rf1 0-0 16. Nb5 Qe5 17. Nc7 Qxc7 18. Bxh7+ Kxh7 19. Qh5+ Kg8 20. Rf3 Bd4 21. Rh3 Qe5+ 0-1